Economic and Political Determinants Affecting East-West Economic Cooperation

Na minha lista:
Detalhes bibliográficos
Formato: Livro
Idioma:inglês
Publicado em: Wroclaw Akademia Ekon. im. Oskara Langego 1988
Edição:1. ed.
Colecção:Prace naukowe Nr.454
Tags: Adicionar Tag
Sem tags, seja o primeiro a adicionar uma tag!

MARC

LEADER 00000nam a2200000 4500
001 c034992
005 20221219115728.0
041 0 |a eng 
044 |a PL 
245 1 0 |a Economic and Political Determinants Affecting East-West Economic Cooperation 
250 |a 1. ed. 
264 1 |a Wroclaw  |b Akademia Ekon. im. Oskara Langego  |c 1988 
300 |a 308 s. 
490 1 |a Prace naukowe  |v Nr.454 
830 0 |a Prace naukowe  |v Nr.454